000 00694nam a22001337a 4500
040 _cRUA
082 _aAVM HAN 2018 B649 Or.1
100 _aHANG CHHEANG ហង្ស ឈៀង​
245 _agastrointestinal parasite of goats in nak srey oun farm at batheay district, kampong cham បរាសិតក្នុងក្រពះពោះវៀនពពែរ នៅកសិដ្ឋាន​ណាក​ស្រីអូន​ នៅស្រុកបាធាយ ខេត្តកំពុងចាម
260 _aRUA
_bphnom penh
_c2018
300 _aix;36p
_bill;
_c29cm
856 _u https://drive.google.com/file/d/1DSKCAA4hm424ySKEt95n_W5lQCQopMm8/view?usp=sharing
942 _cAVM
999 _c18320
_d18320